[Event "ICS rated bullet match"]
[Site "204.178.125.65"]
[Date "2000.03.24"]
[Round "?"]
[White "Hossa"]
[Black "Richard26"]
[Result "1-0"]
[WhiteElo "2547"]
[BlackElo "1681"]
[PlyCount "43"]

1. e4 e6 2. d4 c5 3. Nf3 cxd4 4. Nxd4 Nf6 5. Nc3 Bc5 6. e5 Ng8 7. Ndb5 a6 8.
Be3 Bxe3 9. Nd6+ Kf8 10. Qf3 f5 11. Qxe3 Nc6 12. Be2 Nge7 13. O-O-O Ng6 14. f4
b5 15. Bf3 Qc7 16. Bxc6 dxc6 17. Rd2 Bb7 18. Rhd1 Ke7 19. Qc5 Kd8 20. Ndxb5+
Kc8 21. Nxc7 Kxc7 22. Qa5+ 1-0

[Event "ICS rated standard match"]
[Site "204.178.125.65"]
[Date "2000.03.24"]
[Round "?"]
[White "Kvinto"]
[Black "Hossa"]
[Result "1-0"]
[WhiteElo "2037"]
[BlackElo "2289"]
[PlyCount "61"]

1. e4 e5 2. d4 exd4 3. Nf3 Bb4+ 4. c3 dxc3 5. Nxc3 Nc6 6. Bc4 d6 7. O-O Bxc3 8.
bxc3 Nge7 9. Ng5 Ne5 10. Bb3 O-O 11. Qh5 h6 12. f4 Bg4 13. Nxf7 Nxf7 14. Qxg4
Nc6 15. Rb1 Qe7 16. Bd5 Rab8 17. Ba3 Qe8 18. c4 Qc8 19. Be6 h5 20. Qf5 Qe8 21.
Bb2 d5 22. Bxd5 Qe7 23. Qg6 Qc5+ 24. Kh1 Nd4 25. f5 Kh8 26. f6 gxf6 27. Rf5
Qxd5 28. exd5 Ng5 29. Rxg5 Nf5 30. Rxh5+ Nh6 31. Rxh6# 1-0

[Event "ICS rated bullet match"]
[Site "204.178.125.65"]
[Date "2000.03.24"]
[Round "?"]
[White "erbit"]
[Black "Hossa"]
[Result "0-1"]
[WhiteElo "2044"]
[BlackElo "2547"]
[PlyCount "52"]

1. e4 e5 2. d4 exd4 3. Qxd4 Nc6 4. Qa4 Nf6 5. Nc3 Bb4 6. Bd2 Qe7 7. Bd3 Nxe4 8.
Bxe4 f5 9. O-O-O Bxc3 10. Bxc3 fxe4 11. Ne2 O-O 12. Ng3 Rxf2 13. Nxe4 Rxg2 14.
Rhg1 Rxg1 15. Rxg1 Ne5 16. Qd4 d6 17. Qd5+ Qe6 18. Qd4 Qxa2 19. Kd2 Nf3+ 20.
Ke3 Nxd4 21. Bxd4 Bf5 22. Rxg7+ Kf8 23. Ng5 Bxc2 24. Ne6+ Qxe6+ 25. Kd2 Qf5 26.
Kc3 Qd3+ 0-1

[Event "ICS rated bullet match"]
[Site "204.178.125.65"]
[Date "2000.03.24"]
[Round "?"]
[White "Hossa"]
[Black "erbit"]
[Result "1-0"]
[WhiteElo "2549"]
[BlackElo "2042"]
[PlyCount "55"]

1. d4 Nf6 2. c4 c5 3. d5 b5 4. cxb5 a6 5. bxa6 Bxa6 6. g3 g6 7. Bg2 d6 8. b3
Bg7 9. Bb2 O-O 10. Nh3 Qa5+ 11. Bc3 Qb6 12. Nd2 Nbd7 13. O-O Rfc8 14. Nc4 Qc7
15. Ng5 h6 16. Nf3 Bb7 17. Ne1 Nb6 18. Nxb6 Qxb6 19. Nc2 c4 20. b4 Ra4 21. e4
Nd7 22. Bxg7 Kxg7 23. Bh3 Rc7 24. Bxd7 Rxd7 25. a3 Ba6 26. Ne3 Kh7 27. Qxa4 Bb5
28. Nxc4 1-0

[Event "ICS rated bullet match"]
[Site "204.178.125.65"]
[Date "2000.03.24"]
[Round "?"]
[White "carrja"]
[Black "Hossa"]
[Result "0-1"]
[WhiteElo "1500"]
[BlackElo "2551"]
[PlyCount "20"]

1. Nf3 d5 2. d4 e6 3. c4 dxc4 4. e3 b5 5. a4 c6 6. axb5 cxb5 7. b3 cxb3 8. Qxb3
b4 9. Bd2 a5 10. Bxb4 Bxb4+ 0-1

[Event "ICS rated bullet match"]
[Site "204.178.125.65"]
[Date "2000.03.24"]
[Round "?"]
[White "Hossa"]
[Black "carrja"]
[Result "1-0"]
[WhiteElo "2551"]
[BlackElo "1500"]
[PlyCount "45"]

1. d4 e6 2. e4 d5 3. e5 c5 4. Nf3 Nc6 5. c3 Qb6 6. Be2 cxd4 7. cxd4 Nge7 8. Nc3
h5 9. O-O Nf5 10. Na4 Qa5 11. a3 Bd7 12. b4 Qc7 13. Nc5 b6 14. Nxd7 Qxd7 15.
Be3 Be7 16. Rc1 O-O 17. Qc2 Rfc8 18. Bb5 Nxe3 19. fxe3 Rc7 20. Bxc6 Rxc6 21.
Qxc6 Qxc6 22. Rxc6 Rc8 23. Rxc8+ 1-0

[Event "ICS rated standard match"]
[Site "204.178.125.65"]
[Date "2000.03.24"]
[Round "?"]
[White "MaxEuwe"]
[Black "Hossa"]
[Result "1-0"]
[WhiteElo "2413"]
[BlackElo "2272"]
[PlyCount "145"]

1. e4 e5 2. Nf3 Nc6 3. Nc3 Nf6 4. d4 exd4 5. Nd5 Be7 6. Bf4 d6 7. Nxd4 O-O 8.
Nb5 Nxd5 9. exd5 Ne5 10. Be2 Ng6 11. Bg3 f5 12. f4 Bf6 13. Nc3 c6 14. Qd2 Re8
15. dxc6 bxc6 16. O-O-O Bxc3 17. Bc4+ d5 18. Qxc3 Qb6 19. Bb3 Rb8 20. Rhe1 Ba6
21. a3 Be2 22. Rd4 Bb5 23. Bf2 Qb7 24. Rxe8+ Rxe8 25. Qc5 Kh8 26. h4 Re2 27.
Rd2 Re7 28. g3 Nf8 29. c4 Ne6 30. Qd6 Ba6 31. cxd5 cxd5 32. Qxd5 Qc8+ 33. Kb1
Qe8 34. Qxf5 Bc8 35. Qa5 Nc7 36. Bxa7 Re1+ 37. Ka2 Qe4 38. Bc2 Qe6+ 39. b3 Ne8
40. Qd5 Qf6 41. Bd4 Qe6 42. Qxe6 Bxe6 43. a4 Bg4 44. b4 Nc7 45. Be5 Ne6 46. b5
Re2 47. Rxe2 Bxe2 48. Ka3 Nc5 49. Kb4 Nd3+ 50. Bxd3 Bxd3 51. a5 Kg8 52. a6 g5
53. Ka5 Kf7 54. hxg5 Ke6 55. b6 Bxa6 56. Kxa6 Kf5 57. b7 Kg4 58. b8=Q Kxg3 59.
Qb7 Kg4 60. Qxh7 Kf3 61. Qd3+ Kf2 62. g6 Kg2 63. g7 Kf2 64. Qd2+ Kf3 65. Qd3+
Kf2 66. f5 Kg2 67. Qe4+ Kf2 68. f6 Kg1 69. f7 Kf2 70. Qd4+ Kf3 71. f8=Q+ Kg2
72. g8=Q+ Kh3 73. Qdg4# 1-0

[Event "ICS rated standard match"]
[Site "204.178.125.65"]
[Date "2000.03.24"]
[Round "?"]
[White "Hossa"]
[Black "Pinguin"]
[Result "1/2-1/2"]
[WhiteElo "2265"]
[BlackElo "2094"]
[PlyCount "109"]

1. d4 Nf6 2. c4 e6 3. Nf3 b6 4. g3 Ba6 5. b3 Bb4+ 6. Bd2 Be7 7. Bg2 c6 8. Bc3
d5 9. Ne5 Nfd7 10. Nxd7 Nxd7 11. Nd2 O-O 12. O-O b5 13. Re1 Rb8 14. cxd5 cxd5
15. Nf3 Rc8 16. Qd2 Nf6 17. Ba5 Qd7 18. Ne5 Qb7 19. Nd3 Ne4 20. Bxe4 dxe4 21.
Nb4 Bd6 22. Rec1 Rxc1+ 23. Rxc1 Ra8 24. Nxa6 Qxa6 25. d5 e3 26. fxe3 Rc8 27.
Rxc8+ Qxc8 28. e4 Qc5+ 29. Kg2 b4 30. Bd8 h6 31. dxe6 fxe6 32. e3 Kf7 33. Qd4
Ke8 34. Qxc5 Bxc5 35. Ba5 Kd7 36. Kf3 g6 37. Ke2 Kc6 38. Bd8 Bd6 39. Bf6 e5 40.
Kd3 Kb5 41. h3 h5 42. Bg5 Bf8 43. Kc2 a5 44. Bf6 Bd6 45. Kd3 Kc5 46. Bg7 Kb5
47. Bh8 a4 48. Bf6 a3 49. Bg5 Bc5 50. Bh4 Bd6 51. Ke2 Kc6 52. Bg5 Bf8 53. Kd3
Kc5 54. Bd8 Bd6 55. Ke2 1/2-1/2

[Event "ICS rated standard match"]
[Site "204.178.125.65"]
[Date "2000.03.25"]
[Round "?"]
[White "Ibro"]
[Black "Hossa"]
[Result "0-1"]
[WhiteElo "2022"]
[BlackElo "2263"]
[PlyCount "61"]

1. e4 c5 2. f4 Nc6 3. Nf3 d6 4. c3 Nf6 5. d3 Bg4 6. Be2 e6 7. O-O c4 8. h3 cxd3
9. Qxd3 Bxf3 10. Bxf3 Be7 11. Qb5 Qc7 12. e5 dxe5 13. f5 exf5 14. Bg5 O-O 15.
Na3 a6 16. Qe2 e4 17. Bxf6 exf3 18. Qxf3 Bxf6 19. Qxf5 Rad8 20. Qg4 Qb6+ 21.
Kh1 Qxb2 22. Nc4 Qxc3 23. Rac1 Ne5 24. Rxc3 Nxg4 25. Rg3 Rd1 26. Rxd1 Nf2+ 27.
Kg1 Nxd1 28. Rd3 Nc3 29. a3 Rd8 30. Rxd8+ Bxd8 31. Kf2 0-1

[Event "ICS rated standard match"]
[Site "204.178.125.65"]
[Date "2000.03.25"]
[Round "?"]
[White "Hossa"]
[Black "Ibro"]
[Result "1-0"]
[WhiteElo "2269"]
[BlackElo "2016"]
[PlyCount "65"]

1. d4 d5 2. c4 dxc4 3. Nf3 c6 4. e4 b5 5. b3 cxb3 6. axb3 e6 7. Bd2 Bb7 8. Ba5
Qc8 9. Bd3 a6 10. O-O Nf6 11. Nc3 Be7 12. Qc2 Nbd7 13. b4 O-O 14. e5 Nd5 15.
Bxh7+ Kh8 16. Nxd5 cxd5 17. Qb1 Qb8 18. Re1 Rc8 19. Bd3 Nf8 20. Ra3 Bc6 21. Rc3
Qb7 22. Rec1 Bd7 23. Rc7 Rxc7 24. Rxc7 Qb8 25. Qc1 Bd8 26. Rc5 Bxa5 27. bxa5
Qd8 28. Ng5 Kg8 29. Qf4 Qxa5 30. Qxf7+ Kh8 31. Qh5+ Kg8 32. Bh7+ Kh8 33. Nf7#
1-0

[Event "ICS rated standard match"]
[Site "204.178.125.65"]
[Date "2000.03.25"]
[Round "?"]
[White "Ibro"]
[Black "Hossa"]
[Result "0-1"]
[WhiteElo "2010"]
[BlackElo "2275"]
[PlyCount "64"]

1. e4 e5 2. Nf3 Nc6 3. Bc4 Nf6 4. Ng5 d5 5. exd5 Na5 6. Bb5+ c6 7. dxc6 bxc6 8.
Bd3 Nd5 9. Ne4 f5 10. Nec3 Bc5 11. O-O O-O 12. Nxd5 cxd5 13. c3 e4 14. Bc2 Bd6
15. f4 Ba6 16. d3 Bc5+ 17. Kh1 Nc6 18. b4 Nxb4 19. cxb4 Bd4 20. Nc3 Bxc3 21.
Rb1 Rb8 22. Bd2 exd3 23. Ba4 Bxd2 24. Qxd2 Bc4 25. a3 Rb6 26. Bb3 Re8 27. Rfe1
Rbe6 28. Rxe6 Rxe6 29. Bxc4 dxc4 30. Rc1 Re2 31. Qc3 Qd5 32. Rd1 Qxg2# 0-1

[Event "ICS rated blitz match"]
[Site "204.178.125.65"]
[Date "2000.03.25"]
[Round "?"]
[White "Hossa"]
[Black "vdhurk"]
[Result "1-0"]
[WhiteElo "2492"]
[BlackElo "1974"]
[PlyCount "127"]

1. e4 Nf6 2. e5 Nd5 3. d4 d6 4. c4 Nb6 5. f4 dxe5 6. fxe5 c5 7. d5 e6 8. Nc3
exd5 9. cxd5 c4 10. Nf3 Bb4 11. Bxc4 Bxc3+ 12. bxc3 Nxc4 13. Qa4+ Nd7 14. Qxc4
Nb6 15. Qb5+ Qd7 16. Qxd7+ Bxd7 17. d6 Rc8 18. Be3 Rxc3 19. Bxb6 axb6 20. O-O
O-O 21. Rab1 b5 22. Rf2 Re3 23. Re1 Rxe1+ 24. Nxe1 Re8 25. Nd3 Bc6 26. Rd2 Rd8
27. Nc5 g5 28. e6 fxe6 29. Nxe6 Rd7 30. Nxg5 Kg7 31. Ne6+ Kf6 32. Nf8 Rd8 33.
Rf2+ Ke5 34. Nxh7 Rxd6 35. Re2+ Kf5 36. Nf8 Rf6 37. Rf2+ Ke5 38. Rxf6 Kxf6 39.
h4 b4 40. Kf2 Bd5 41. Nd7+ Ke7 42. Ne5 Bxa2 43. g4 b3 44. Nc4 Bb1 45. Ke3 Kf6
46. Kd4 b5 47. Nb2 Bc2 48. Kd5 Bd1 49. Nxd1 Kg6 50. Kc5 Kf6 51. g5+ Kf5 52.
Kxb5 Kg6 53. Kb4 Kh5 54. Kxb3 Kg6 55. Ne3 Kh5 56. g6 Kxg6 57. Kc3 Kh5 58. Ng2
Kg4 59. Kd4 Kh5 60. Ke5 Kh6 61. Nf4 Kh7 62. Kf6 Kh6 63. h5 Kh7 64. Kg5 1-0

[Event "ICS rated blitz match"]
[Site "204.178.125.65"]
[Date "2000.03.25"]
[Round "?"]
[White "TheProcess"]
[Black "Hossa"]
[Result "0-1"]
[WhiteElo "2200"]
[BlackElo "2495"]
[PlyCount "54"]

1. c4 e5 2. Nc3 Nf6 3. e4 Bc5 4. g3 Nc6 5. h3 d6 6. Bg2 Bd7 7. Nge2 O-O 8. O-O
Qc8 9. Kh2 Nd4 10. d3 Ne6 11. f4 Qd8 12. f5 Nd4 13. g4 Bc6 14. Ng3 Nd7 15. g5
Re8 16. Qg4 Nc2 17. Rb1 Nb4 18. Rd1 Bd4 19. a3 Na6 20. Nce2 Bf2 21. b4 Ba4 22.
Rf1 Bb6 23. Rb2 Nf8 24. f6 g6 25. h4 Bd7 26. Qf3 Qc8 27. h5 Bg4 0-1

[Event "ICS rated blitz match"]
[Site "204.178.125.65"]
[Date "2000.03.25"]
[Round "?"]
[White "TITANS"]
[Black "Hossa"]
[Result "1/2-1/2"]
[WhiteElo "2483"]
[BlackElo "2495"]
[PlyCount "242"]

1. Nf3 c5 2. e3 d5 3. Nc3 Nc6 4. Bb5 e6 5. Ne5 Nge7 6. Qh5 g6 7. Qf3 f5 8. Qf4
Bg7 9. d4 O-O 10. Nxc6 Nxc6 11. Bxc6 g5 12. Qg3 bxc6 13. dxc5 Ba6 14. Bd2 Rb8
15. O-O-O e5 16. e4 fxe4 17. Bxg5 Qc8 18. Be7 Rf5 19. Bd6 Rb4 20. Rd2 Qb7 21.
Nd1 Rd4 22. Ne3 Rh5 23. Rxd4 exd4 24. Ng4 Qf7 25. Be5 Rg5 26. Bxg7 Kxg7 27. h4
Rg6 28. f3 Bc8 29. h5 Rg5 30. h6+ Kh8 31. Ne5 Rxg3 32. Nxf7+ Kg8 33. Ne5 Bb7
34. fxe4 dxe4 35. Rh4 Rxg2 36. Rxe4 Rg5 37. Kd2 Kf8 38. Kd3 Rh5 39. Rf4+ Ke7
40. Rf7+ Ke6 41. Rxb7 Kxe5 42. Rxh7 Kd5 43. Rd7+ Kxc5 44. h7 a6 45. a3 Rh4 46.
b4+ Kb5 47. Rc7 Kb6 48. Rd7 Kb5 49. c3 dxc3 50. Kxc3 a5 51. bxa5 Kxa5 52. Rb7
c5 53. Kb3 c4+ 54. Kc3 Ka4 55. Re7 Kb5 56. Rc7 Rh3+ 57. Kd4 c3 58. Ke5 c2 59.
Rxc2 Rxh7 60. Rc3 Rh5+ 61. Kd4 Rh4+ 62. Kd5 Rh5+ 63. Kd6 Rh6+ 64. Kd7 Rh7+ 65.
Kc8 Rh8+ 66. Kc7 Rh7+ 67. Kd8 Ka5 68. Re3 Rh8+ 69. Kc7 Rh7+ 70. Kc6 Rh6+ 71.
Kc5 Rh5+ 72. Kd6 Rh6+ 73. Ke5 Rh5+ 74. Kd4 Rh4+ 75. Kc3 Ka6 76. Kb3 Ka7 77. Re6
Rh3+ 78. Kb4 Rh4+ 79. Kb5 Rh5+ 80. Kc6 Ra5 81. Re7+ Ka6 82. Re8 Ka7 83. Re3
Ra6+ 84. Kc5 Ra5+ 85. Kb4 Rd5 86. Re7+ Ka8 87. Ka4 Rd4+ 88. Kb5 Rd5+ 89. Kc6
Rd4 90. Rf7 Rc4+ 91. Kb6 Rc8 92. Ra7+ Kb8 93. Re7 Ka8 94. Ka6 Rc6+ 95. Kb5 Rd6
96. a4 Rf6 97. a5 Rf5+ 98. Kc6 Rg5 99. Rd7 Rh5 100. a6 Rh6+ 101. Kb5 Rh5+ 102.
Kb4 Rh4+ 103. Kc5 Rh3 104. Re7 Rc3+ 105. Kb4 Rd3 106. Rc7 Rd4+ 107. Kc5 Re4
108. Rd7 Re5+ 109. Kb6 Re6+ 110. Ka5 Re5+ 111. Kb4 Re4+ 112. Kb3 Re3+ 113. Kc4
Rf3 114. Kb4 Rf4+ 115. Kb5 Rf5+ 116. Kb6 Rf6+ 117. Kb5 Rf5+ 118. Kc4 Rf4+ 119.
Kb3 Rf3+ 120. Kc4 Rf4+ 121. Kb5 Rf5+ 1/2-1/2

[Event "ICS rated bullet match"]
[Site "204.178.125.65"]
[Date "2000.03.25"]
[Round "?"]
[White "Hossa"]
[Black "Mazoetan"]
[Result "1-0"]
[WhiteElo "2552"]
[BlackElo "2217"]
[PlyCount "63"]

1. e4 d6 2. d4 Nf6 3. Nc3 g6 4. f4 Bg7 5. Nf3 O-O 6. Bd3 Na6 7. O-O c5 8. d5
Rb8 9. Kh1 Bg4 10. h3 Bxf3 11. Rxf3 Nb4 12. Bc4 a6 13. a3 b5 14. Be2 Qc7 15.
axb4 cxb4 16. e5 bxc3 17. Rxc3 Qb7 18. exf6 Bxf6 19. Rca3 Ra8 20. g3 Qd7 21.
Bg4 Qb7 22. Ra5 e6 23. Bf3 e5 24. Bg4 Bg7 25. fxe5 Bxe5 26. R5a3 f5 27. Be2
Rfc8 28. R1a2 Qb6 29. Rf3 Rc5 30. Be3 Rac8 31. b4 Rxd5 32. Qxd5+ 1-0

[Event "ICS rated bullet match"]
[Site "204.178.125.65"]
[Date "2000.03.25"]
[Round "?"]
[White "Mazoetan"]
[Black "Hossa"]
[Result "0-1"]
[WhiteElo "2213"]
[BlackElo "2556"]
[PlyCount "74"]

1. d4 d5 2. Nf3 Nf6 3. e3 e6 4. Bd3 c5 5. Nbd2 Nc6 6. b3 cxd4 7. exd4 Bb4 8.
Bb2 Ne4 9. O-O Nc3 10. Qe1 O-O 11. a3 Ba5 12. b4 Na4 13. Bc1 Bb6 14. Nb3 Bc7
15. Bg5 f6 16. Bd2 Nb2 17. Be2 e5 18. Bc3 Na4 19. Bd3 Nxc3 20. Qxc3 e4 21. Bxe4
dxe4 22. Nfd2 f5 23. Rad1 Be6 24. Nc5 Nxd4 25. Nxe6 Ne2+ 26. Kh1 Nxc3 27. Nxd8
Rfxd8 28. Nc4 Nxd1 29. h3 Rd4 30. g3 Nxf2+ 31. Kg2 Nd1 32. h4 Rad8 33. Kh3 Rxc4
34. h5 e3 35. h6 Rxc2 36. Re1 Rd6 37. hxg7 Rh6# 0-1

[Event "ICS rated bullet match"]
[Site "204.178.125.65"]
[Date "2000.03.25"]
[Round "?"]
[White "Hossa"]
[Black "Mazoetan"]
[Result "1-0"]
[WhiteElo "2560"]
[BlackElo "2209"]
[PlyCount "42"]

1. e4 d6 2. d4 Nf6 3. Nc3 g6 4. f4 Bg7 5. Nf3 O-O 6. Bd3 Na6 7. O-O c5 8. d5
Rb8 9. Kh1 Bg4 10. h3 Bxf3 11. Rxf3 Nb4 12. Bc4 b5 13. Nxb5 Nxe4 14. c3 Na6 15.
Nxa7 Qb6 16. Nc6 Rbe8 17. Qd3 Nf6 18. Bxa6 e6 19. Bb5 Nxd5 20. c4 Nb4 21. Qxd6
Rc8 1-0

[Event "ICS rated blitz match"]
[Site "204.178.125.65"]
[Date "2000.03.25"]
[Round "?"]
[White "Hossa"]
[Black "gabi"]
[Result "1-0"]
[WhiteElo "2494"]
[BlackElo "1907"]
[PlyCount "29"]

1. d4 Nf6 2. c4 e6 3. Nc3 Bb4 4. e3 b6 5. Bd3 Bb7 6. Nf3 O-O 7. O-O Bxc3 8.
bxc3 Ne4 9. Nd2 Nxd2 10. Bxd2 d6 11. Qc2 Qh4 12. e4 Nd7 13. Qc1 Bxe4 14. Bg5
Qg4 15. f3 1-0

[Event "ICS rated standard match"]
[Site "204.178.125.65"]
[Date "2000.03.25"]
[Round "?"]
[White "Hossa"]
[Black "Unicorn2000"]
[Result "0-1"]
[WhiteElo "2281"]
[BlackElo "2030"]
[PlyCount "216"]

1. e4 c5 2. Nf3 Nc6 3. d4 cxd4 4. Nxd4 e5 5. Nb5 a6 6. Nd6+ Bxd6 7. Qxd6 Qf6 8.
Qd1 Qg6 9. Nc3 d5 10. Nxd5 Qxe4+ 11. Be3 Nd4 12. Nc7+ Ke7 13. Rc1 Bg4 14. Qd3
Qxd3 15. Bxd3 Rd8 16. h3 Bh5 17. f4 exf4 18. Bxf4 Bg6 19. Bxg6 hxg6 20. Kf2 Nf6
21. Rhe1+ Kf8 22. Rcd1 Rh4 23. Be5 Rc8 24. g3 Re4 25. Rxe4 Nxe4+ 26. Ke3 Nc6
27. Kxe4 Nxe5 28. Nd5 Nd7 29. Rd2 Re8+ 30. Kd4 Ne5 31. Rf2 f6 32. c4 Nc6+ 33.
Kc3 Re1 34. b3 Ne5 35. Rg2 g5 36. Kb4 Rh1 37. Kc5 Nd7+ 38. Kd6 Ne5 39. Kc7 b5
40. c5 Rc1 41. b4 a5 42. a3 axb4 43. axb4 Rd1 44. Nc3 Rd4 45. Nxb5 Rxb4 46. Nd6
Rb3 47. Ra2 g6 48. Rg2 Ke7 49. Nc8+ Ke6 50. Nb6 Rc3 51. Na4 Rc4 52. Ra2 f5 53.
Kb6 f4 54. Kb5 Rc1 55. gxf4 gxf4 56. Rd2 g5 57. Rd6+ Kf5 58. Rd8 Rb1+ 59. Ka6
Ra1 60. Kb5 Rc1 61. Kb6 Ke4 62. Kb5 Rb1+ 63. Ka6 Rb3 64. c6 Nxc6 65. Nc5+ Kf3
66. Rg8 Rb1 67. Rxg5 Ke3 68. Rg6 Nb4+ 69. Ka7 Nd5 70. Rd6 Rd1 71. Re6+ Kd4 72.
Nb3+ Kc4 73. Na5+ Kc5 74. Nb7+ Kd4 75. Nd6 f3 76. Nf5+ Kc5 77. Ng3 Rg1 78. Ne4+
Kd4 79. Nf2 Ra1+ 80. Kb7 Rf1 81. Re4+ Kc5 82. Nd3+ Kd6 83. Ra4 Rb1+ 84. Ka7 Rb3
85. Rd4 Ra3+ 86. Kb7 Ra2 87. Nb4 Rb2 88. Rxd5+ Ke6 89. Rd3 Rxb4+ 90. Kc6 Rf4
91. Rd1 Ke5 92. Kc5 Ke4 93. Re1+ Kd3 94. Rd1+ Ke2 95. Rb1 f2 96. Rb2+ Kd3 97.
Rb3+ Kc2 98. Ra3 f1=Q 99. Ra2+ Kb3 100. Ra8 Qc4+ 101. Kd6 Rf6+ 102. Kd7 Qe6+
103. Kd8 Rf7 104. Rb8+ Kc4 105. Rc8+ Kd4 106. Rc4+ Qxc4 107. h4 Ra7 108. Ke8
Qg8# 0-1

[Event "ICS rated standard match"]
[Site "204.178.125.65"]
[Date "2000.03.25"]
[Round "?"]
[White "Hossa"]
[Black "GARRI1"]
[Result "0-1"]
[WhiteElo "2277"]
[BlackElo "2215"]
[PlyCount "128"]

1. e4 c5 2. Nc3 Nc6 3. g3 Nf6 4. Nf3 d6 5. Bb5 Bd7 6. d3 g6 7. O-O Bg7 8. Bxc6
Bxc6 9. e5 Ng4 10. e6 f5 11. h3 Nf6 12. Ng5 O-O 13. Nf7 Qc8 14. Nh6+ Kh8 15.
Re1 b5 16. Nf7+ Kg8 17. Nh6+ Kh8 18. a3 a5 19. Nf7+ Kg8 20. Bg5 b4 21. Nb1 Qb7
22. Nd2 Rfe8 23. Rb1 Rab8 24. Qe2 Qa8 25. axb4 Rxb4 26. c3 Rbb8 27. f4 a4 28.
Bh6 Rb5 29. Bxg7 Kxg7 30. Qf2 Qb7 31. Nc4 Qc7 32. Ra1 Ra8 33. Re3 Bb7 34. Qe2
Qc6 35. Qh2 a3 36. bxa3 Rb3 37. Rc1 Nd5 38. Ree1 Nxc3 39. g4 Qd5 40. Re3 Nb5
41. gxf5 Qxf5 42. Qf2 Nd4 43. Qh4 Qd5 44. Qh6+ Kg8 45. Re4 Nf5 46. Ne3 Qxd3 47.
Nxf5 gxf5 48. Qg5+ Kf8 49. Qh6+ Ke8 50. Nxd6+ Qxd6 51. Qg7 Kd8 52. Rec4 Ra5 53.
Qf8+ Kc7 54. Qxf5 Kb6 55. Qxh7 Qd2 56. Qg6 Rxh3 57. Rb1+ Ka6 58. Rb6+ Kxb6 59.
Qe4 Bxe4 60. Rxe4 Raxa3 61. Rc4 Rag3+ 62. Kf1 Qd3+ 63. Kf2 Rh2+ 64. Ke1 Rg1#
0-1

[Event "ICS rated standard match"]
[Site "204.178.125.65"]
[Date "2000.03.25"]
[Round "?"]
[White "pokemaniac"]
[Black "Hossa"]
[Result "0-1"]
[WhiteElo "1882"]
[BlackElo "2258"]
[PlyCount "120"]

1. d4 Nf6 2. Nf3 g6 3. c4 Bg7 4. Nc3 O-O 5. e4 d6 6. Be2 Na6 7. O-O e5 8. dxe5
dxe5 9. Nxe5 Nxe4 10. Nxe4 Bxe5 11. Bg5 Qxd1 12. Rfxd1 Bxb2 13. Rab1 Be5 14.
Rb5 Bg7 15. Nf6+ Kh8 16. Rd4 h6 17. Rh4 Rd8 18. Ne4 Re8 19. Bxh6 Bxh6 20. Rxh6+
Kg7 21. Rh4 Bd7 22. Rb2 Bc6 23. Ng3 Nc5 24. Rg4 Rad8 25. Nf5+ Kf6 26. Nd4 Be4
27. Rd2 Bf5 28. Rh4 Re4 29. Rxe4 Nxe4 30. Rd3 Nxf2 31. Ra3 Nh3+ 32. gxh3 Rxd4
33. Rxa7 Be4 34. Kf2 Bc6 35. Ra8 Rh4 36. Bg4 Ke5 37. Kg3 Rh7 38. h4 f5 39. Ra5+
Kd4 40. Be2 Ke3 41. Re5+ Be4 42. Bf3 Kd4 43. Re6 Bxf3 44. Kxf3 Rxh4 45. Rxg6
Rxh2 46. Rg7 c5 47. Rxb7 Rxa2 48. Rf7 Kxc4 49. Rxf5 Kb4 50. Rf8 c4 51. Rb8+ Kc3
52. Ke3 Ra3 53. Ke2 Kc2 54. Rc8 c3 55. Ke3 Kc1 56. Ke2 Ra2+ 57. Ke3 c2 58. Rb8
Rb2 59. Rc8 Kb1 60. Kd4 Rb5 0-1

[Event "ICS rated bullet match"]
[Site "204.178.125.65"]
[Date "2000.03.25"]
[Round "?"]
[White "Heian"]
[Black "Hossa"]
[Result "0-1"]
[WhiteElo "1547"]
[BlackElo "2564"]
[PlyCount "54"]

1. e4 e5 2. Nf3 Nc6 3. Bc4 Nf6 4. Ng5 d5 5. exd5 Nd4 6. c3 b5 7. cxd4 bxc4 8.
dxe5 Nxd5 9. Qf3 Qxg5 10. Qxd5 Rb8 11. Qf3 Bb7 12. Qg3 Qxg3 13. fxg3 Bxg2 14.
Rg1 Be4 15. Nc3 Bd3 16. Nd1 Rb5 17. Nf2 Rxe5+ 18. Kd1 Be2+ 19. Kc2 Bc5 20. d3
cxd3+ 21. Nxd3 Bxd3+ 22. Kxd3 Bxg1 23. Bf4 Rd5+ 24. Kc2 Bxh2 25. Re1+ Kd7 26.
Kb3 Rd3+ 27. Kc2 Bxg3 0-1

[Event "ICS rated bullet match"]
[Site "204.178.125.65"]
[Date "2000.03.25"]
[Round "?"]
[White "Hossa"]
[Black "Heian"]
[Result "1-0"]
[WhiteElo "2564"]
[BlackElo "1547"]
[PlyCount "47"]

1. e4 e5 2. Nf3 Nc6 3. Bb5 a6 4. Ba4 b5 5. Bb3 Bc5 6. d3 d6 7. Be3 Bg4 8. Bd5
Nge7 9. Bxc5 Nxd5 10. exd5 Nd4 11. Bxd4 exd4 12. Qe2+ Kd7 13. Ne5+ dxe5 14.
Qxg4+ Kd6 15. Qxg7 Qe7 16. Nd2 Rhg8 17. Ne4+ Kxd5 18. Nf6+ Kc6 19. Nxg8 Qe6 20.
Qxh7 e4 21. dxe4 f5 22. Ne7+ Kb6 23. Nd5+ Ka5 24. Qxc7+ 1-0

[Event "ICS rated bullet match"]
[Site "204.178.125.65"]
[Date "2000.03.25"]
[Round "?"]
[White "Heian"]
[Black "Hossa"]
[Result "0-1"]
[WhiteElo "1547"]
[BlackElo "2564"]
[PlyCount "64"]

1. e4 e5 2. Nf3 Nc6 3. Bc4 Bc5 4. O-O d6 5. d3 Nf6 6. Kh1 Bg4 7. h3 Bxf3 8.
Qxf3 Nd4 9. Qd1 b5 10. c3 bxc4 11. cxd4 Bxd4 12. Qa4+ Nd7 13. Qxc4 O-O 14. Nc3
Nb6 15. Qb3 c6 16. Qd1 f5 17. Be3 Bxc3 18. bxc3 fxe4 19. dxe4 Rf7 20. Qg4 Qf8
21. f4 Nc4 22. Bc1 Rf6 23. f5 h6 24. Qe2 Qf7 25. g4 Rb8 26. g5 hxg5 27. Bxg5
Rb2 28. Qf3 Nd2 29. Qg4 Nxf1 30. Rxf1 Qc4 31. Rg1 Qxa2 32. Bxf6 Rh2# 0-1

[Event "ICS rated bullet match"]
[Site "204.178.125.65"]
[Date "2000.03.25"]
[Round "?"]
[White "Heian"]
[Black "Hossa"]
[Result "0-1"]
[WhiteElo "1547"]
[BlackElo "2564"]
[PlyCount "26"]

1. e4 c5 2. Nf3 e6 3. Bc4 d5 4. exd5 exd5 5. Qe2+ Be7 6. Bb5+ Kf8 7. O-O a6 8.
Ba4 b5 9. Bxb5 axb5 10. Qxb5 Ba6 11. Qb3 Bxf1 12. Qb7 Bxg2 13. Qxa8 Bxf3 0-1

[Event "ICS rated bullet match"]
[Site "204.178.125.65"]
[Date "2000.03.25"]
[Round "?"]
[White "Hossa"]
[Black "ChEcKeReDViSiOn"]
[Result "1-0"]
[WhiteElo "2564"]
[BlackElo "1664"]
[PlyCount "69"]

1. e4 g6 2. d4 Bg7 3. Nc3 d6 4. Nf3 Nf6 5. Bd3 O-O 6. O-O Nc6 7. d5 Ne5 8. Nxe5
dxe5 9. Be3 b6 10. Bb5 Bd7 11. Bxd7 Nxd7 12. Qd2 Rc8 13. Nb5 c5 14. Nxa7 Qc7
15. Nxc8 Qxc8 16. Bh6 Bxh6 17. Qxh6 Nf6 18. f3 e6 19. Qg5 Kg7 20. Qxe5 exd5 21.
exd5 Qd7 22. c4 Re8 23. Qc3 Qf5 24. Rfe1 Kg8 25. Rxe8+ Nxe8 26. Re1 Nf6 27. Qb3
Nd7 28. Qb5 Kg7 29. g4 Qxf3 30. Qxd7 Qd3 31. Rf1 Kh6 32. Qxf7 Qxc4 33. h3 Qc2
34. Qf4+ Kg7 35. Qf8# 1-0

[Event "ICS rated bullet match"]
[Site "204.178.125.65"]
[Date "2000.03.25"]
[Round "?"]
[White "ChEcKeReDViSiOn"]
[Black "Hossa"]
[Result "0-1"]
[WhiteElo "1664"]
[BlackElo "2564"]
[PlyCount "30"]

1. d4 d5 2. Nf3 e6 3. e3 Nf6 4. Bd3 c5 5. O-O Nc6 6. Be2 Bd7 7. b3 cxd4 8. Bb2
dxe3 9. fxe3 Bc5 10. Nd4 O-O 11. Nd2 e5 12. Nxc6 Bxe3+ 13. Kh1 Bxc6 14. Rf3 Ng4
15. Rg3 Nf2+ 0-1

[Event "ICS rated bullet match"]
[Site "204.178.125.65"]
[Date "2000.03.25"]
[Round "?"]
[White "Hossa"]
[Black "ChEcKeReDViSiOn"]
[Result "1-0"]
[WhiteElo "2564"]
[BlackElo "1664"]
[PlyCount "27"]

1. e4 d6 2. d4 g5 3. Bxg5 Bh6 4. Bxh6 Nxh6 5. Nf3 Ng4 6. Nbd2 Nc6 7. d5 Nb8 8.
Nd4 e5 9. dxe6 fxe6 10. Qxg4 e5 11. Ne6 Ke7 12. Bc4 Bxe6 13. Qxe6+ Kf8 14. Qf7#
1-0

[Event "ICS rated bullet match"]
[Site "204.178.125.65"]
[Date "2000.03.25"]
[Round "?"]
[White "Hossa"]
[Black "ChEcKeReDViSiOn"]
[Result "1-0"]
[WhiteElo "2564"]
[BlackElo "1664"]
[PlyCount "21"]

1. e4 d6 2. d4 g6 3. Nf3 Bg7 4. Bc4 Nf6 5. Nc3 O-O 6. O-O c5 7. dxc5 dxc5 8.
Qxd8 Rxd8 9. Ne5 Nbd7 10. Nxf7 Kf8 11. Nxd8 1-0

[Event "ICS rated bullet match"]
[Site "204.178.125.65"]
[Date "2000.03.25"]
[Round "?"]
[White "ChEcKeReDViSiOn"]
[Black "Hossa"]
[Result "0-1"]
[WhiteElo "1664"]
[BlackElo "2564"]
[PlyCount "44"]

1. d4 d5 2. Nf3 Nf6 3. e3 e6 4. Nbd2 c5 5. Bd3 Nc6 6. b3 cxd4 7. exd4 Bb4 8.
Bb2 Ne4 9. O-O Bc3 10. Nxe4 Bxb2 11. Ng3 Bxa1 12. Qxa1 O-O 13. Re1 f6 14. c3
Bd7 15. Qc1 Rf7 16. Qf4 g5 17. Nxg5 fxg5 18. Qg4 Qf6 19. Qh5 Qxf2+ 20. Kh1
Qxe1+ 21. Nf1 Rxf1+ 22. Bxf1 Qxf1# 0-1